000 00602nam a22001937a 4500
005 20140407142448.0
010 _aENG-109617
020 _c190.00
035 _aEN-93150
037 _bDBAD/PUB
082 _a589.205
100 _aRagland, Annie
245 _aMycology and lichenology /
_cby Annie Ragland [and] V. Kumaresan
260 _bSaras Publication
_c2010
_aNagercoil
270 _bNagercoil
_e629002
_a114/35G, A. R. P. Camp Road, Periavilai, Kottar P. O.,
300 _axiii,371p. :
_c22cm(pbk)
_bill
700 _aKumaresan, V.
942 _2ddc
_cEN
_mRAG
_h589.205
999 _c83158
_d83158